书目信息 |
| 题名: |
涂料基础配方与工艺
|
|
| 作者: | 胡飞燕 编著 | |
| 分册: | ||
| 出版信息: | 上海 东华大学出版社 2013.06 |
|
| 页数: | 205页 | |
| 开本: | 26cm | |
| 丛书名: | ||
| 单 册: | ||
| 中图分类: | TQ630.6 | |
| 科图分类: | ||
| 主题词: | 涂料--配方 , 涂料--生产工艺 , 涂料 , 配方 | |
| 电子资源: | ||
| ISBN: | 978-7-5669-0294-8 | |
| 000 | 01028nam0 2200289 450 | |
| 001 | 012013095160 | |
| 005 | 20140610105351.32 | |
| 010 | @a978-7-5669-0294-8@dCNY32.00 | |
| 100 | @a20130801d2013 em y0chiy0110 ea | |
| 101 | 0 | @achi |
| 102 | @aCN@b310000 | |
| 105 | @aak z 000yy | |
| 106 | @ar | |
| 200 | 1 | @a涂料基础配方与工艺@9tu liao ji chu pei fang yu gong yi@f胡飞燕[等]编著 |
| 210 | @a上海@c东华大学出版社@d2013.06 | |
| 215 | @a205页@c图@d26cm | |
| 304 | @a编著还有:温立哲,徐朝华,刘芳 | |
| 330 | @a本书侧重实际工艺与技术操作,内容涵盖了涂料的基础知识、涂料的原辅材料及检测、涂料配方设计、色漆的生产工艺及其性能检测,对金属涂料、塑料涂料、木器涂料、建筑涂料几种专用涂料进行了详尽的介绍。 | |
| 333 | @a可作为涂料企业员工培训读本,也可作为高等学校、职业院校涂料专业等的参考书 | |
| 606 | 0 | @a涂料@x配方 |
| 606 | 0 | @a涂料@x生产工艺 |
| 606 | 0 | @a涂料 |
| 606 | 0 | @a配方 |
| 690 | @aTQ630.6@v5 | |
| 701 | 0 | @a胡飞燕@9hu fei yan@4编著 |
| 801 | 0 | @aCN@b人天书店@c20130801 |
| 905 | @b846272-74@dTQ630.6@e47@f3 | |
| 涂料基础配方与工艺/胡飞燕[等]编著.-上海:东华大学出版社,2013.06 |
| 205页:图;26cm |
| 使用对象:可作为涂料企业员工培训读本,也可作为高等学校、职业院校涂料专业等的参考书 |
| ISBN 978-7-5669-0294-8:CNY32.00 |
| 本书侧重实际工艺与技术操作,内容涵盖了涂料的基础知识、涂料的原辅材料及检测、涂料配方设计、色漆的生产工艺及其性能检测,对金属涂料、塑料涂料、木器涂料、建筑涂料几种专用涂料进行了详尽的介绍。 |
| ● |
| 相关链接 |
|
|
|
|
正题名:涂料基础配方与工艺
索取号:TQ630.6/47
 
预约/预借
| 序号 | 登录号 | 条形码 | 馆藏地/架位号 | 状态 | 备注 |
| 1 | 846272 | 208462723 | 第二样本阅览室/ [索取号:TQ630.6/47] | 在馆 | |
| 2 | 846273 | 208462732 | 第三借阅区/ [索取号:TQ630.6/47] | 在馆 | |
| 3 | 846274 | 208462741 | 第三借阅区/ [索取号:TQ630.6/47] | 在馆 |